BUDGETING (Record no. 2003)
[ view plain ]
| 000 -LEADER | |
|---|---|
| fixed length control field | 00306nam a2200145Ia 4500 |
| 003 - CONTROL NUMBER IDENTIFIER | |
| control field | OSt |
| 005 - DATE AND TIME OF LATEST TRANSACTION | |
| control field | 20240415105242.0 |
| 008 - FIXED-LENGTH DATA ELEMENTS--GENERAL INFORMATION | |
| fixed length control field | 170523s9999 xx 000 0 und d |
| 020 ## - INTERNATIONAL STANDARD BOOK NUMBER | |
| International Standard Book Number | NIL |
| 040 ## - CATALOGING SOURCE | |
| Transcribing agency | IIMTU MEERUT |
| 100 ## - MAIN ENTRY--PERSONAL NAME | |
| Personal name | WELSH |
| 245 #0 - TITLE STATEMENT | |
| Title | BUDGETING |
| 260 ## - PUBLICATION, DISTRIBUTION, ETC. | |
| Name of publisher, distributor, etc. | TATA MC GRAW HILL |
| 942 ## - ADDED ENTRY ELEMENTS (KOHA) | |
| Source of classification or shelving scheme | |
| Koha item type | Book Bank |
| Withdrawn status | Lost status | Source of classification or shelving scheme | Damaged status | Not for loan | Home library | Current library | Date acquired | Barcode | Date last seen | Uniform Resource Identifier | Price effective from | Koha item type |
|---|---|---|---|---|---|---|---|---|---|---|---|---|
| IIMT University Central Library Meerut | IIMT University Central Library Meerut | 05/30/2017 | 01-B-9646 | 05/30/2017 | management | 05/30/2017 | Book Bank | |||||
| IIMT University Central Library Meerut | IIMT University Central Library Meerut | 05/30/2017 | 01-B-9647 | 05/30/2017 | management | 05/30/2017 | Book Bank | |||||
| IIMT University Central Library Meerut | IIMT University Central Library Meerut | 05/30/2017 | 01-B-9648 | 05/30/2017 | management | 05/30/2017 | Book Bank | |||||
| IIMT University Central Library Meerut | IIMT University Central Library Meerut | 05/30/2017 | 01-B-9649 | 05/30/2017 | management | 05/30/2017 | Book Bank | |||||
| IIMT University Central Library Meerut | IIMT University Central Library Meerut | 05/30/2017 | 01-B-9650 | 05/30/2017 | management | 05/30/2017 | Book Bank | |||||
| IIMT University Central Library Meerut | IIMT University Central Library Meerut | 05/30/2017 | 01-B-9651 | 05/30/2017 | management | 05/30/2017 | Book Bank | |||||
| IIMT University Central Library Meerut | IIMT University Central Library Meerut | 05/30/2017 | 01-B-9652 | 05/30/2017 | management | 05/30/2017 | Book Bank | |||||
| IIMT University Central Library Meerut | IIMT University Central Library Meerut | 05/30/2017 | 01-B-9653 | 05/30/2017 | management | 05/30/2017 | Book Bank | |||||
| IIMT University Central Library Meerut | IIMT University Central Library Meerut | 05/30/2017 | 01-B-9654 | 05/30/2017 | management | 05/30/2017 | Book Bank | |||||
| IIMT University Central Library Meerut | IIMT University Central Library Meerut | 05/30/2017 | 01-B-9655 | 05/30/2017 | management | 05/30/2017 | Book Bank |

